000
00226nam a22000857a 4500
008
140430b xxu||||| |||| 00| 0 eng d
020
_c
Available
082
_2
11th Ed.
245
_a
Sears & Zemansky's UNIVERSITY PHYSICS
_c
Young,Hugh D
999
_c
23991
_d
23991